100 Biggest Cities of Estonia on a Map - Statistics

General Stats
  • This quiz has been taken 484 times
  • The average score is 29 of 100
Answers on the Map
Answers color-coded by a green-red scale on the quiz's map according to % correct below.
 
Answer Stats
Population City % Correct
437,817 Tallinn
98%
95,190 Tartu
89%
40,228 Pärnu
81%
53,955 Narva
79%
13,034 Kuressaare
60%
17,245 Viljandi
57%
12,010 Valga
56%
11,865 Võru
56%
9,595 Haapsalu
54%
33,499 Kohtla-Järve
53%
15,141 Rakvere
51%
7,926 Paide
46%
3,046 Kärdla
44%
12,010 Paldiski
44%
5,222 Jõgeva
43%
5,254 Rapla
43%
12,439 Sillamäe
43%
95,190 Maardu
42%
10,482 Jõhvi
41%
53,955 Keila
41%
5,454 Põlva
40%
2,536 Narva-Jõesuu
38%
5,383 Tapa
38%
10,482 Viimsi
38%
5,645 Elva
37%
2,134 Otepää
37%
16,170 Saue
37%
5,129 Türi
36%
4,150 Põltsamaa
35%
15,141 Saku
33%
2,213 Räpina
32%
2,997 Kunda
31%
9,595 Loksa
30%
3,750 Sindi
30%
1,249 Antsla
29%
12,439 Jüri
29%
4,854 Kiviõli
29%
2,701 Tõrva
29%
10,499 Kehra
28%
2,617 Märjamaa
28%
1,623 Kilingi-Nõmme
27%
33,499 Peetri
27%
17,245 Laagri
26%
1,239 Lihula
26%
1,652 Nõo
26%
13,034 Tabasalu
26%
1,457 Karksi-Nuia
25%
3,295 Kohila
25%
4,150 Rae
24%
40,228 Haabneeme
23%
2,617 Klooga
23%
5,826 Kose
23%
2,415 Tamsalu
23%
2,208 Kadrina
22%
1,841 Riisipere
22%
2,917 Ülenurme
22%
5,129 Kiili
21%
2,917 Kuusalu
21%
1,201 Laulasmaa
21%
7,926 Loo
20%
2,536 Turba
20%
2,701 Lagedi
19%
2,917 Paikuse
19%
1,480 Audru
18%
5,254 Muraste
18%
1,318 Sauga
18%
1,604 Väike-Maarja
18%
2,148 Vändra
18%
11,865 Järveküla
17%
2,134 Karla
17%
1,239 Kiiu
17%
3,719 Luige
17%
3,295 Püünsi
17%
3,750 Raasiku
17%
5,222 Randvere
17%
4,854 Tiskre
17%
1,295 Võhma
17%
5,645 Aruküla
16%
2,997 Vääna-Jõesuu
16%
1,260 Papsaare
15%
2,415 Rummu
15%
3,046 Suurupi
15%
2,188 Tõrvandi
15%
5,383 Pärnamäe
14%
1,430 Soinaste
14%
1,738 Vahi
14%
2,148 Vaida
14%
1,300 Viiratsi
14%
1,295 Ääsmäe
13%
1,494 Aespa
13%
2,759 Pringi
13%
1,623 Rannamõisa
13%
1,724 Tammiste
13%
2,615 Uuesalu
13%
1,249 Vanamõisa
13%
2,213 Kose-Uuemõisa
12%
1,821 Lohkva
12%
5,454 Alliku
11%
1,457 Lubja
11%
1,652 Tila
11%
No matching quizzes found
Score Distribution
Percent of People with Each Score
Percentile by Number Answered
Your Score History
You have not taken this quiz